| 000 | 00693nam a2200217 a 4500 | ||
|---|---|---|---|
| 001 | 000010993 | ||
| 005 | 20240412074222.0 | ||
| 008 | 091013s1979 dr a 001 p spa d | ||
| 040 |
_aDO-SdBNP _bspa _cBNPHU |
||
| 082 |
_aRD861.44 _bV162c |
||
| 100 | 1 |
_aValera Benítez, Rafael _924318 |
|
| 245 | 1 | 0 |
_aCanciones australes : _bpoesía / _cRafael Valera Benítez. |
| 260 |
_aSanto Domingo : _bTaller, _c1979. |
||
| 300 |
_a104 p. : _bil. ; _c21 cm. |
||
| 490 | 1 | _aEl silbo vulnerado | |
| 600 | 1 | 4 |
_aVALERA BENÍTEZ, RAFAEL, _xCRÍTICA E INTERPRETACIÓN _926409 |
| 650 | 0 |
_aPoesía dominicana _966 |
|
| 650 | 0 |
_aLiteratura dominicana. _967 |
|
| 830 | 0 |
_aEl silbo vulnerado _925195 |
|
| 049 | _aBNPD | ||
| 999 |
_c10731 _d10731 |
||